Flavors of geometry

Αποθηκεύτηκε σε:
Λεπτομέρειες βιβλιογραφικής εγγραφής
Άλλοι συγγραφείς: Levy, Silvio (Επιμελητής έκδοσης)
Μορφή: Βιβλίο
Γλώσσα:English
Δημοσίευση: Cambridge : Cambridge University press, c1997
Σειρά:Mathematical Sciences Research Institute publications ; ; 31
Θέματα:
Ετικέτες: Προσθήκη ετικέτας
Δεν υπάρχουν, Καταχωρήστε ετικέτα πρώτοι!

MARC

LEADER 00000nam a2200000 i 4500
001 1/91848
008 991104s1997 eng d
020 |a 0521620481 
035 |l 10053790 
040 |a GR-MY-UA  |b gre  |e aacr 
041 0 |a eng 
082 0 |a 516 
245 1 0 |a Flavors of geometry /  |c edited by Silvio Levy 
260 |a Cambridge :   |b Cambridge University press,   |c c1997 
300 |a ix, 194 p.;  |b ill.;  |c 24 cm. 
490 1 |a Mathematical Sciences Research Institute publications  |v ; 31 
500 |a Baded on a series of lectrures given at the Mathematical Sciences Research Institute in January 1995 and January 1996 
500 |a Includes bibliographical references and indexes 
650 0 0 |a Convex geometry. 
650 0 0 |a Geometry, Hyperbolic. 
650 0 0 |a Differentiable dynamical systems. 
650 0 0 |a Functions of several complex variables. 
650 0 0 |a Convex bodies. 
650 0 0 |a Random walks (Mathematics) 
700 1 |a Levy, Silvio.  |4 edt 
830 0 |a Mathematical Sciences Research Institute publications ;  |v ; 31 
852 |a INST  |b SAMOS  |e 19991104  |h 516 LEV  |p 005300017087  |q 005300017087  |t BK  |y 4  |x 20200214 
901 |a BIBL3-1999-3 
909 |a Σ  |b 067264 
922 |a 3ΕΛΗ  |b 199909  |c ΕΠΕΑΕΚ/ΜΑΘ  |d ΠΑΠΑΣΩΤΗΡΙΟΥ 
970 |a ΓΕΝΟΥΖΟΥ  |b ΧΡΥΣΑΝΘΗ  |z 1999/11/04